000 00269nam a2200109Ia 4500
008 200302s9999 xx 000 0 und d
100 _aPhilip jodidio
245 _a100 Contemporary Architecture J-Z
260 _bThaschen Publication
260 _c2008
300 _a848 P.,
999 _c2578
_d2578